Entry Personal Name
Number of records used in: 1
001 - CONTROL NUMBER
003 - CONTROL NUMBER IDENTIFIER
005 - DATE AND TIME OF LATEST TRANSACTION
- control field:
20220922122900.0
008 - FIXED-LENGTH DATA ELEMENTS
- fixed length control field:
900301n| acannaab| |n aaa |||
010 ## - LIBRARY OF CONGRESS CONTROL NUMBER
- LC control number:
n 90615806
040 ## - CATALOGING SOURCE
- Original cataloging agency:
DLC
- Transcribing agency:
DLC
- Modifying agency:
DLC
100 10 - HEADING--PERSONAL NAME
- Personal name:
Norvig, Peter
670 ## - SOURCE DATA FOUND
- Source citation:
nuc90-14225: His A unified theory of inference for text understanding, 1986
- Information found:
(hdg. on CU rept.: Norvig, Peter; usage: Peter Norvig)
670 ## - SOURCE DATA FOUND
- Source citation:
His Paradigms of artificial intelligence programming, 1991:
- Information found:
CIP t.p. (Peter Norvig) data sheet (b. 12/5/56)